| 000 -LEADER |
| fixed length control field |
01015nam a2200229Ia 4500 |
| 020 ## - INTERNATIONAL STANDARD BOOK NUMBER |
| ISBN |
9789250056371 |
| 020 ## - INTERNATIONAL STANDARD BOOK NUMBER |
| ISBN |
9250056370 |
| 040 ## - CATALOGING SOURCE |
| Transcribing agency |
OSU |
| 082 ## - DEWEY DECIMAL CLASSIFICATION NUMBER |
| Classification number |
338 FOO 2006 A064 Or. |
| 110 2# - MAIN ENTRY--CORPORATE NAME |
| Corporate name or jurisdiction name as entry element |
General Fisheries Commission for the Mediterranean (Food and Agriculture Organization of the United Nations). |
| 245 10 - TITLE STATEMENT |
| Title |
Report of the ninth session of the Scientific Advisory Committee : |
| Remainder of title |
Rome, 24-27 October 2006 = Rapport de la neuvi©·me session du Comit©♭ Scientifique Consultatif : Rome, 24-27 octobre 2006 |
| 246 31 - VARYING FORM OF TITLE |
| Title proper/short title |
Rapport de la huiti©·me session du Comit©♭ scientifique consultatif |
| 260 ## - PUBLICATION, DISTRIBUTION, ETC. (IMPRINT) |
| Place of publication |
Rome : |
| Name of publisher |
Food and Agriculture Organization of the United Nations, |
| Year of publication |
c2006 |
| 300 ## - PHYSICAL DESCRIPTION |
| Number of Pages |
vi, 106 p. ; |
| Dimensions |
30 cm |
| 490 1# - SERIES STATEMENT |
| Series statement |
FAO fisheries report = |
| -- |
FAO rapport sur les p©®ches, |
| 500 ## - GENERAL NOTE |
| General note |
"FIPL/R814 (Bi)." |
| 650 #0 - SUBJECT ADDED ENTRY--TOPICAL TERM |
| Topical Term |
Fishery management |
| 650 #0 - SUBJECT ADDED ENTRY--TOPICAL TERM |
| Topical Term |
Fisheries |
| 650 #0 - SUBJECT ADDED ENTRY--TOPICAL TERM |
| Topical Term |
Sustainable fisheries |
| 710 2# - ADDED ENTRY--CORPORATE NAME |
| Corporate name or jurisdiction name as entry element |
Food and Agriculture Organization of the United Nations |
| 942 ## - ADDED ENTRY ELEMENTS (KOHA) |
| Koha item type |
សៀវភៅភាសាអង់គ្លេស |
| 952 ## - LOCATION AND ITEM INFORMATION (KOHA) |
| Withdrawn status [LOCAL, KOHA] |
0 |